[Event "Bahn-chH"]
[Site "Bad Wildungen"]
[Date "2000.09.28"]
[Round "5"]
[White "Winterstetter, Reiner"]
[Black "Osten, Horst"]
[Result "1-0"]
[WhiteElo "1707"]
[BlackElo "1470"]
[PlyCount "29"]
[EventDate "2000.09.24"]
[EventType "swiss"]
[EventRounds "7"]
[EventCountry "GER"]
[SourceTitle "EXT 2003"]
[Source "ChessBase"]
[SourceDate "2002.11.25"]
[SourceVersion "1"]
[SourceVersionDate "2002.11.25"]
[SourceQuality "1"]

1. e4 e5 2. Nf3 Nc6 3. Bc4 Nf6 4. d4 exd4 5. 0-0 Be7 6. e5 Ne4 7. Bd5 Ng5 8. Nxg5 Bxg5 9. Qh5 g6 10. Qxg5 Qxg5 11. Bxg5 Nxe5 12. Re1 d6 13. f4 c6 14. Bb3 0-0 15. fxe5 1-0

[Event "Bahn-chH"]
[Site "Bad Wildungen"]
[Date "2000.09.24"]
[Round "1"]
[White "Winterstetter, Reiner"]
[Black "Gosch, Dieter"]
[Result "1/2-1/2"]
[WhiteElo "1707"]
[BlackElo "1400"]
[PlyCount "128"]
[EventDate "2000.09.24"]
[EventType "swiss"]
[EventRounds "7"]
[EventCountry "GER"]
[SourceTitle "EXT 2003"]
[Source "ChessBase"]
[SourceDate "2002.11.25"]
[SourceVersion "1"]
[SourceVersionDate "2002.11.25"]
[SourceQuality "1"]

1. e4 c5 2. Nf3 d6 3. d4 cxd4 4. Nxd4 Nc6 5. Be2 Nf6 6. Nc3 a6 7. 0-0 e6 8. Kh1 Be7 9. Be3 0-0 10. Qe1 Bd7 11. Rd1 Rc8 12. f4 e5 13. Nf3 Ng4 14. Bc1 Nb4 15. Bd3 b5 16. Qg3 Qc7 17. f5 Nf6 18. Bh6 Ne8 19. a3 Nxd3 20. Nd5 Qd8 21. Rxd3 Kh8 22. Be3 Bc6 23. c3 Bxd5 24. Rxd5 Nf6 25. Rd3 Nxe4 26. Qh3 Rc4 27. Nxe5 Rc8 28. Qh5 Qe8 29. Ng4 g6 30. Qh6 Rg8 31. Bd4+ f6 32. Rh3 Qf7 33. Qf4 d5 34. Nh6 Qg7 35. Nxg8 Kxg8 36. Rff3 Ng5 37. Qxg5 fxg5 38. Bxg7 g4 39. Re3 Bg5 40. Rhg3 Bxe3 41. Rxe3 Kxg7 42. fxg6 Kxg6 43. Re6+ Kf5 44. Rxa6 d4 45. Kg1 dxc3 46. bxc3 Rxc3 47. Ra5 Ke4 48. Kf2 Rb3 49. Ra7 h5 50. Ra5 h4 51. a4 Rb2+ 52. Kf1 b4 53. Rg5 Kf4 54. Rb5 b3 55. a5 Rb1+ 56. Kf2 g3+ 57. hxg3+ hxg3+ 58. Ke2 b2 59. Rb4+ Ke5 60. Kd2 Kd5 61. a6 Kc5 62. Rb8 Ra1 63. Rxb2 Rxa6 64. Ke3 Rf6 1/2-1/2

[Event "Bahn-chH"]
[Site "Baiersbronn"]
[Date "1998.10.29"]
[Round "6"]
[White "Rondio, Thomas"]
[Black "Winterstetter, Reiner"]
[Result "1-0"]
[WhiteElo "1834"]
[BlackElo "1600"]
[PlyCount "43"]
[EventDate "1998.10.25"]
[EventType "swiss"]
[EventRounds "7"]
[EventCountry "GER"]
[SourceTitle "EXT 2001"]
[Source "ChessBase"]
[SourceDate "2000.11.22"]
[SourceVersion "1"]
[SourceVersionDate "2000.11.22"]
[SourceQuality "1"]

1. e4 e6 2. d4 d5 3. Nc3 Nf6 4. Bg5 Be7 5. e5 Nfd7 6. Bxe7 Qxe7 7. f4 c5 8. Nf3 b6 9. Qd2 0-0 10. Nb5 Qd8 11. 0-0-0 c4 12. b3 cxb3 13. axb3 a6 14. Nd6 a5 15. Kb2 a4 16. Ra1 Qc7 17. Rxa4 Rxa4 18. bxa4 Ba6 19. Ng5 Qc6 20. Bxa6 Nxa6 21. Qd3 Qxa4 22. Qxh7# 1-0

[Event "Bahn-chH"]
[Site "Baiersbronn"]
[Date "1998.10.28"]
[Round "5"]
[White "Winterstetter, Reiner"]
[Black "Weglehner, Alfred"]
[Result "0-1"]
[WhiteElo "1600"]
[BlackElo "1748"]
[PlyCount "104"]
[EventDate "1998.10.25"]
[EventType "swiss"]
[EventRounds "7"]
[EventCountry "GER"]
[SourceTitle "EXT 2001"]
[Source "ChessBase"]
[SourceDate "2000.11.22"]
[SourceVersion "1"]
[SourceVersionDate "2000.11.22"]
[SourceQuality "1"]

1. e4 c5 2. Nf3 d6 3. d4 cxd4 4. Nxd4 Nc6 5. Nc3 a6 6. Be3 Nf6 7. Bd3 e6 8. 0-0 Be7 9. Qe1 0-0 10. f4 Ng4 11. Rd1 Nxe3 12. Nxc6 bxc6 13. Qxe3 Rb8 14. b3 Qa5 15. Ne2 d5 16. Qh3 e5 17. Qf3 f5 18. exd5 e4 19. Bxe4 fxe4 20. Qxe4 Qc5+ 21. Kh1 Bf5 22. Qd4 Qxd4 23. Nxd4 cxd5 24. Nc6 Rbe8 25. Nxe7+ Rxe7 26. Rxd5 Bxc2 27. Rc5 Re2 28. Kg1 Be4 29. Rf2 Re1+ 30. Rf1 Rxf1+ 31. Kxf1 Rxf4+ 32. Kg1 Bd3 33. Rc8+ Rf8 34. Rxf8+ Kxf8 35. Kf2 Ke7 36. Ke3 Bb1 37. a3 Kd6 38. Kd4 h5 39. h4 g6 40. b4 Kc6 41. a4 Bc2 42. b5+ axb5 43. axb5+ Kxb5 44. Ke5 Bf5 45. Kf4 Kc5 46. Ke5 Kc4 47. Kf4 Kd3 48. Kf3 Bg4+ 49. Kf2 Ke4 50. g3 Bf3 51. Kf1 Kf5 52. Kf2 Kg4 0-1

[Event "Bahn-chH"]
[Site "Baiersbronn"]
[Date "1998.10.26"]
[Round "3"]
[White "Winterstetter, Reiner"]
[Black "Schuh, Willi"]
[Result "1-0"]
[WhiteElo "1600"]
[BlackElo "1763"]
[PlyCount "133"]
[EventDate "1998.10.25"]
[EventType "swiss"]
[EventRounds "7"]
[EventCountry "GER"]
[SourceTitle "EXT 2001"]
[Source "ChessBase"]
[SourceDate "2000.11.22"]
[SourceVersion "1"]
[SourceVersionDate "2000.11.22"]
[SourceQuality "1"]

1. e4 e6 2. d4 d5 3. Nd2 dxe4 4. Nxe4 Bd7 5. Nf3 Bc6 6. Bd3 Bxe4 7. Bxe4 c6 8. 0-0 Nf6 9. Bd3 Nbd7 10. Re1 Be7 11. c4 0-0 12. b3 a6 13. Qc2 Re8 14. Bf4 Nf8 15. Rad1 b5 16. Re3 Nh5 17. Bg3 Nxg3 18. fxg3 Rc8 19. Kh1 Bf6 20. Qf2 Re7 21. Ne5 Bxe5 22. Rxe5 Rd7 23. g4 Qc7 24. h4 g6 25. h5 Qd8 26. Rf1 Rcc7 27. Re4 Qg5 28. Qf3 Qh6 29. g3 gxh5 30. gxh5 f5 31. Rh4 Rg7 32. Kh2 Rg5 33. Rg1 Rg4 34. Rxg4+ fxg4 35. Qxg4+ Rg7 36. Qf3 Qg5 37. Rf1 Nd7 38. Kh3 Nf6 39. Be2 Kh8 40. g4 Rf7 41. Qxc6 Qe3+ 42. Qf3 Qxd4 43. Rd1 Qe5 44. h6 Rf8 45. Rf1 Kg8 46. Bd3 bxc4 47. bxc4 Qd4 48. Be2 Nd7 49. Qd3 Rf4 50. Qxd4 Rxd4 51. Rc1 Nc5 52. Kh4 Rd2 53. Bf3 Rxa2 54. Kg5 Ra3 55. Bc6 Rd3 56. Rb1 Kf7 57. Rb8 Rd4 58. Rh8 Ne4+ 59. Bxe4 Rxe4 60. Rxh7+ Kg8 61. Ra7 Rxc4 62. h7+ Kh8 63. Kh6 Rc8 64. g5 e5 65. Rxa6 Re8 66. g6 Re6 67. Ra8+ 1-0